| 000 | 003980000a22001570004500 | ||
|---|---|---|---|
| 003 | LK-CoMWRAF | ||
| 008 | 230817t ||||| |||| 00| 0 eng d | ||
| 040 |
_aLK-CoMWRAF _dLK-CoMWRAF _eLK-CoMWRAF |
||
| 041 | _aeng | ||
| 082 |
_a150 _bASH |
||
| 245 |
_aMuslim Education Quarterly _b |
||
| 260 |
_bIslamic Academy _aCambridge _c1983 |
||
| 300 | _ap.61 | ||
| 700 |
_aAshraf,, Syed Ali _eed. |
||
| 942 | _cBK | ||
| 999 |
_c1640 _d1640 |
||